| 000 | 00429nam a2200193Ia 4500 | ||
|---|---|---|---|
| 008 | 210210b1966 xxu||||| |||| 00| 0 eng d | ||
| 041 | _aeng | ||
| 082 | _a511/114 | ||
| 100 | _aSEETHARAMAN | ||
| 245 | _aText book of algebra | ||
| 260 |
_aMadras _bThe National Publishing Co _c1966 |
||
| 650 | _aText | ||
| 650 | _aof | ||
| 650 | _abook | ||
| 650 | _aalgebra | ||
| 690 | _aAlgebra | ||
| 700 | _aMENON | ||
| 906 | _a007184 | ||
| 999 |
_c139521 _d139521 |
||